|
|
|
|
| LEADER |
02628nam a2200565 i 4500 |
| 001 |
nkc20243583458 |
| 003 |
CZ PrNK |
| 005 |
20240618135116.0 |
| 007 |
ta |
| 008 |
240523s2024 xr ac c 000 f cze |
| 015 |
|
|
|a cnb003583458
|
| 020 |
|
|
|a 978-80-242-9755-2
|q (brožováno)
|
| 035 |
|
|
|a (OCoLC)1445418415
|
| 040 |
|
|
|a ABG001
|b cze
|e rda
|
| 041 |
1 |
|
|a cze
|h eng
|
| 072 |
|
7 |
|a 821.111(73)-3
|x Americká próza
|2 Konspekt
|9 25
|
| 072 |
|
7 |
|a 821-93
|x Literatura pro děti a mládež (beletrie)
|2 Konspekt
|9 26
|
| 080 |
|
|
|a 821.111(73)-31
|2 MRF
|
| 080 |
|
|
|a 821-93
|2 MRF
|
| 080 |
|
|
|a (0:82-311.3)
|2 MRF
|
| 080 |
|
|
|a (0:82-312.9)
|2 MRF
|
| 100 |
1 |
|
|a Palacio, R. J.
|7 xx0174935
|4 aut
|
| 240 |
1 |
0 |
|a Pony.
|l Česky
|
| 245 |
1 |
0 |
|a Pony /
|c R.J. Palaciová ; z anglického originálu Pony ... přeložila Renata Greplová
|
| 250 |
|
|
|a Vydání 1.
|
| 264 |
|
1 |
|a Praha :
|b Euromedia Group,
|c 2024
|
| 300 |
|
|
|a 317 stran :
|b ilustrace, portréty ;
|c 20 cm
|
| 336 |
|
|
|a text
|b txt
|2 rdacontent
|
| 337 |
|
|
|a bez média
|b n
|2 rdamedia
|
| 338 |
|
|
|a svazek
|b nc
|2 rdacarrier
|
| 490 |
1 |
|
|a Pikola
|
| 520 |
2 |
|
|a Dvanáctiletý Silas Bird na cestě za záchranou svého otce. Společnost mu dělá duch a poník.
|b Silas je obyčejný dvanáctiletý kluk, který žije se svým tátou v malém domku v americkém městečku Boneville. Tedy byl by úplně obyčejný, kdyby neviděl duchy zemřelých a jeho nejlepším kamarádem nebyl jeden z nich. A když jednu děsivou noc odvedou tři neznámí muži na koních jeho otce pryč, připadá si jako ten nejosamělejší kluk na světě. Pak se ale u domu objeví zvláštní poník a Silas se rozhodne, že se i se svým duchařským společníkem vydá na nebezpečnou výpravu za tatínkovou záchranou. Dokáže se však postavit nástrahám okolního světa i své rodinné minulosti? Nakladatelská anotace.
|
| 521 |
8 |
|
|a Pro čtenáře od 11 let
|
| 546 |
|
|
|a Český text
|
| 655 |
|
7 |
|a americké romány
|7 fd131796
|2 czenas
|
| 655 |
|
7 |
|a dobrodružné romány
|7 fd132061
|2 czenas
|
| 655 |
|
7 |
|a fantasy romány
|7 fd184199
|2 czenas
|
| 655 |
|
7 |
|a publikace pro děti
|7 fd133156
|2 czenas
|
| 655 |
|
9 |
|a American fiction
|2 eczenas
|
| 655 |
|
9 |
|a adventure novels
|2 eczenas
|
| 655 |
|
9 |
|a fantasy novels
|2 eczenas
|
| 655 |
|
9 |
|a children's literature
|2 eczenas
|
| 700 |
1 |
|
|a Greplová, Renata
|7 xx0134944
|4 trl
|
| 830 |
|
0 |
|a Pikola (Euromedia)
|0 s
|
| 910 |
2 |
|
|a BOA001
|b 1-1526.117
|
| 920 |
|
|
|a 4987837
|z ABG001
|
| 990 |
|
|
|a BK
|
| 995 |
|
|
|a 01
|
| 991 |
|
|
|b 202406
|c NOV
|
| 996 |
6 |
|
|b 2610970925
|c 1-1526.117
|l MZK
|r Sklad / do 1 hodiny
|n 0
|p p.v.
|w 001966146
|u 000010
|a 1
|e BOA001
|j MZK50
|s P
|